| 000 | 00711nam a2200253Ia 4500 | ||
|---|---|---|---|
| 008 | 170711s9999 xx 000 0 und d | ||
| 020 | _a792268768 | ||
| 050 | _a940.54 | ||
| 050 | _bB189 2002 | ||
| 100 | _aBallard, Robert D. | ||
| 245 | _aCollision with history : | ||
| 245 | _bthe search for John F. Kennedy's PT 109 / | ||
| 245 | _cby Robert D. Ballard. | ||
| 260 | _aUSA : | ||
| 260 | _bNational Geographic, | ||
| 260 | _c2002 | ||
| 300 | _a191 pages : | ||
| 300 | _billustrations ; | ||
| 650 | _aKennedy, John F. -- (John Fitzgerald), 1917-1963 -- | ||
| 650 | _aWorld War, 1939-1945 -- | ||
| 650 | _xCampaigns -- Solomon Islands. | ||
| 650 | _xMilitary leadership. | ||
| 700 | _aTitle. | ||
| 999 |
_c339555 _d339555 |
||